00998nam a2200193 a 450000100100000000500170001000800410002704000250006808200130009310000270010624500590013326000360019230000210022850400280024950503730027759000260065095201110067699900170078700004797320201002060834.0181008s1987 dr 000 0 spa d aDO-SdBNPbspacBNPHU axxxbxxx1 aCarvajal, Frank97549210aContraloria, estructura y funciones /cFrank Carvajal. aSanto Domingo :bBúho,c1987. a207 p. ;c22 cm. aBibliografía : p. 2070 aConceptos generales --tOrigen y evolución de la Contraloría --tEvolución estrutural de la contraloría --tPerspectiva de la Contraloría General de la RepúblicatPocisión del contralor dentro de la empresa --tTipos de contralor --tcaracterísticas del contralor linea --tOrganización de la contraloría --tActivo fijo o propiedad planta y equipo aInventariado, 2019/VM 0010718PDaPDbPDcHDd2018-10-08iLF1l0oxxx xxxp47973-10r2020-06-25w2020-06-25yLFPDZNo se presta c47461d47461